Text Book of Machine Design (Record no. 354067)

MARC details
000 -LEADER
fixed length control field 00386nam a2200145Ia 4500
008 - FIXED-LENGTH DATA ELEMENTS--GENERAL INFORMATION
fixed length control field 230719s9999 xx 000 0 und d
041 ## - LANGUAGE CODE
Language code of text/sound track or separate title eng
082 ## - DEWEY DECIMAL CLASSIFICATION NUMBER
Classification number 621.815
Item number KHU
100 ## - MAIN ENTRY--PERSONAL NAME
Personal name Khurmi R.S.
9 (RLIN) 141538
245 ## - TITLE STATEMENT
Title Text Book of Machine Design
260 ## - PUBLICATION, DISTRIBUTION, ETC. (IMPRINT)
Name of publisher, distributor, etc. Eurasia Publishing House Pvt. Ltd.
300 ## - PHYSICAL DESCRIPTION
Extent 942
365 ## - TRADE PRICE
Currency code Rs.
Price amount 42.00
700 ## - ADDED ENTRY--PERSONAL NAME
Personal name Khurmi R.S. & Gupta J.K.
9 (RLIN) 184777
Holdings
Withdrawn status Lost status Damaged status Not for loan Home library Current library Shelving location Date acquired Vendor Cost, normal purchase price Full call number Barcode Date last seen Cost, replacement price Bill Date Koha item type Original Barcode
        Cummins College of Engineering for Women Pune Cummins College of Engineering for Women Pune Donated Book 06/11/2012 Masurkar Enterprises 42.00 621.815 CCEP-DB-272 19/07/2023 42.00 19/07/2023 Books D00272